COLLINS Cobuild English grammar : helping learners with real english (Record no. 12032)
[ view plain ]
| 000 -CABECERA | |
|---|---|
| campo de control de longitud fija | 00601cam a22002172a 4500 |
| 001 - NÚMERO DE CONTROL | |
| campo de control | 006212 |
| 003 - IDENTIFICADOR DEL NÚMERO DE CONTROL | |
| campo de control | AR-FADEU |
| 008 - DATOS DE LONGITUD FIJA--INFORMACIÓN GENERAL | |
| campo de control de longitud fija | 311216n1990####xxu####################dd |
| 020 ## - NÚMERO INTERNACIONAL ESTÁNDAR DEL LIBRO | |
| Número Internacional Estándar del Libro | 0-00-370257-X |
| 092 ## - ASIGNACIÓN LOCAL DE SIGNATURA TOPOGRÁFICA DEWEY (OCLC) | |
| Número de clasificación | 425 |
| Número de documento/Ítem | C712en |
| 245 ## - MENCIÓN DE TÍTULO | |
| Título | COLLINS Cobuild English grammar : helping learners with real english |
| 260 ## - PUBLICACIÓN, DISTRIBUCIÓN, ETC. (PIE DE IMPRENTA) | |
| Lugar de publicación, distribución, etc. | London |
| 260 ## - PUBLICACIÓN, DISTRIBUCIÓN, ETC. (PIE DE IMPRENTA) | |
| Nombre del editor, distribuidor, etc. | HaperCollins |
| 260 ## - PUBLICACIÓN, DISTRIBUCIÓN, ETC. (PIE DE IMPRENTA) | |
| Fecha de publicación, distribución, etc. | 1990 |
| 300 ## - DESCRIPCIÓN FÍSICA | |
| Extensión | 485 p. : graf., cuad |
| 440 ## - MENCIÓN DE SERIE/PUNTO DE ACCESO ADICIONAL--TÍTULO | |
| Título | Cobuild and Bank of english |
| 500 ## - NOTA GENERAL | |
| Nota general | Includes references bibliography |
| 546 ## - NOTA DE LENGUA/LENGUAJE | |
| Nota de lengua/lenguaje | Inglés |
| 650 ## - PUNTO DE ACCESO ADICIONAL DE MATERIA--TÉRMINO DE MATERIA | |
| Término de materia o nombre geográfico como elemento inicial | /LINGUISTICA/INGLES-GRAMATICA/REVISADO/ |
| 942 ## - ELEMENTOS DE PUNTO DE ACCESO ADICIONAL (KOHA) | |
| Tipo de ítem Koha | BDGR |
| Estado de retiro | Estado de pérdida | Estado dañado | No para préstamo | Localización permanente | Ubicación/localización actual | Fecha de adquisición | Número de inventario | Total de préstamos | Signatura topográfica completa | Código de barras | Fecha visto por última vez | Precio válido a partir de | Tipo de ítem Koha | Fecha del último préstamo |
|---|---|---|---|---|---|---|---|---|---|---|---|---|---|---|
| Biblioteca Ernesto Sabato - FADECS - UNCOMA | Biblioteca Ernesto Sabato - FADECS - UNCOMA | 21/02/2017 | 03096 | 425 C712en | 03096 | 21/02/2017 | 21/02/2017 | BDGR | ||||||
| Biblioteca Ernesto Sabato - FADECS - UNCOMA | Biblioteca Ernesto Sabato - FADECS - UNCOMA | 21/02/2017 | 03097 | 425 C712en | 03097 | 21/02/2017 | 21/02/2017 | BDGR | ||||||
| Biblioteca Ernesto Sabato - FADECS - UNCOMA | Biblioteca Ernesto Sabato - FADECS - UNCOMA | 21/02/2017 | 03098 | 425 C712en | 03098 | 21/02/2017 | 21/02/2017 | BDGR | ||||||
| Biblioteca Ernesto Sabato - FADECS - UNCOMA | Biblioteca Ernesto Sabato - FADECS - UNCOMA | 21/02/2017 | 06164 | 6 | 425 C712en | 06164 | 27/04/2026 | 21/02/2017 | BDGR | 22/04/2026 |